Fit statikus és dinamikus árváltozás összehasonlítása
| Main Author: | |
|---|---|
| Other Authors: | |
| Format: | Project work |
| Kulcsszavak: | Accor Hotels adatgyűjtés ajánlatkérő(k) árváltozás dinamikus árazás |
| Online Access: | http://dolgozattar.uni-bge.hu/59671 |
MARC
| LEADER | 00000nnm a2200000 i 4500 | ||
|---|---|---|---|
| 001 | dolg59671 | ||
| 005 | 20260409145410.0 | ||
| 008 | 260409suuuu hu o 000 hun d | ||
| 040 | |a BGE Dolgozattár Repozitórium |b hun | ||
| 041 | |a hu | ||
| 100 | 1 | |a Kardos Balázs | |
| 245 | 1 | 0 | |a Fit statikus és dinamikus árváltozás összehasonlítása |c Kardos Balázs |h [elektronikus dokumentum] |
| 516 | |a Project_work | ||
| 520 | 3 | |a A projectmunkám fő témája az FIT statikus és dinamikus árazás összehasonlítása, elemzése. Dolgozatom első részében bemutatom az Accor szállodaláncot, a szállodák típusait, illetve a Magyarországon előforduló Accor szállodákat. A második felében, a Mercure Budapest City Centerről esik szó, ezen belül a szálloda felszereltségére, szolgáltatásaira, a szobák típusaira térek ki. A dolgozatomban ismertetem a rezervációs munkakör feladatait és a mindennapi tevékenységeit. Azért választottam ezt a témát mert gyakornoki időm alatt megismertem a szállodában használatos különböző rendszereket (foglalási, levelező, stb.), tapasztalatot gyűjtöttem a vendégekkel történő kapcsolattartásról, rálátásom lett a háttérben futó munkálatokra, folyamatokra, illetve az árazási típusokra. Megismertem, hogy milyen tulajdonságokkal, kondíciókkal tud működni egy statikus és egy dinamikus árazás és ezekről következtetéseket is le tudtam vonni. | |
| 695 | |a Accor Hotels | ||
| 695 | |a adatgyűjtés | ||
| 695 | |a ajánlatkérő(k) | ||
| 695 | |a árváltozás | ||
| 695 | |a dinamikus árazás | ||
| 700 | 1 | |a Rézmányi Zsolt |e ths | |
| 856 | 4 | 0 | |u http://dolgozattar.uni-bge.hu/59671/1/Kardos%20Bal%C3%A1zs%20Projectmunka.pdf |z Dokumentum-elérés |
| 856 | 4 | 0 | |u http://dolgozattar.uni-bge.hu/59671/2/Projektmunka%20b%C3%ADr%C3%A1lati%20lap_Kardos%20Bal%C3%A1zs.pdf |z Dokumentum-elérés |